000 00740nam a2200217Ii 4500
003 JO-AjNU
008 230605s9999||||xx |||||||||||||| ||und||
020 _a9953-36-639-X
040 _aJO-AjNU
_bara
_erda
_cJO-AjNU
041 _aara
050 1 4 _aPJ6106.J39 2006
100 3 _aتاليف الجواري، أحمد عبد الستار,
_eauthor
_920750
245 0 0 _aنحو المعاني
250 _aطبعة جديدة
264 3 1 _aبيروت: المؤسسة العربية للدراسات والنشر، 2006
300 _a173ص
336 _atext
_btxt
_2rdacontent
337 _aunmediated
_bn
_2rdamedia
338 _avolume
_bnc
_2rdacarrier
650 4 _aلغة عربية - نحو - لغة عربية - قواعد
_920751
999 _aA7091
_c10659
_d10659